[Event "Pyramiden Cup 2015"]
[Site "Fuerth"]
[Date "2015.09.05"]
[Round "3.33"]
[White "Brem, Stephan"]
[Black "Moenius, Oliver"]
[Result "1-0"]
[WhiteElo "2063"]
[BlackElo "1725"]
[PlyCount "91"]
[EventDate "2015.??.??"]
[WhiteTeam "SU Ebersberg-Grafing"]
[BlackTeam "SC Höchstadt/Aisch"]

1. f4 Nf6 2. Nf3 d5 3. e3 c5 4. d3 Nc6 5. Be2 Bg4 6. Ne5 Bxe2 7. Qxe2 Qc7 8.
Nxc6 Qxc6 9. O-O e6 10. Nd2 h5 11. e4 dxe4 12. dxe4 O-O-O 13. b3 Be7 14. Bb2 h4
15. Rae1 h3 16. g3 Rh7 17. Nf3 Ng4 18. Rd1 c4 19. Bd4 c3 20. Ng5 Bf6 21. Qxg4
Rxd4 22. Rxd4 Bxd4+ 23. Kh1 f5 24. Qf3 Rh6 25. Rd1 Bf6 26. Rd3 Kb8 27. e5 Bxg5
28. Qxc6 bxc6 29. fxg5 Rg6 30. Rxc3 Kc7 31. Kg1 Rxg5 32. Kf1 Rg4 33. Re3 g5 34.
c3 f4 35. gxf4 Rxf4+ 36. Ke2 g4 37. a3 c5 38. Rg3 c4 39. Ke3 Rf3+ 40. Rxf3 gxf3
41. b4 Kc6 42. Kxf3 Kb5 43. Ke4 Ka4 44. Kd4 a6 45. Kxc4 Kxa3 46. b5 1-0

[Event "Pyramiden Cup 2015"]
[Site "Fuerth"]
[Date "2015.09.05"]
[Round "3.34"]
[White "Wettermann, Bernd"]
[Black "Saathoff, Richard"]
[Result "0-1"]
[WhiteElo "1771"]
[BlackElo "2106"]
[PlyCount "152"]
[EventDate "2015.??.??"]
[WhiteTeam "FC Konradsreuth"]
[BlackTeam "SW Nürnberg Süd"]

1. e4 e5 2. Nf3 Nc6 3. Nc3 Nf6 4. Bc4 Nxe4 5. Nxe4 d5 6. Bd3 dxe4 7. Bxe4 Bd6
8. c3 O-O 9. O-O f5 10. Bd5+ Kh8 11. d4 exd4 12. Bxc6 bxc6 13. Qxd4 c5 14. Qc4
Qf6 15. Re1 Bd7 16. Bf4 Rae8 17. Bxd6 cxd6 18. Qh4 Qxh4 19. Nxh4 Re4 20. g3 Bc6
21. Ng2 Rfe8 22. Rxe4 Rxe4 23. Re1 Rxe1+ 24. Nxe1 Kg8 25. f4 Kf7 26. h3 Ke6 27.
Kf2 Be4 28. Nf3 h6 29. h4 Bb1 30. a3 a5 31. Ke3 a4 32. Nd2 Bc2 33. Nc4 Kd5 34.
Nd2 Kc6 35. Nf3 Be4 36. Nd2 Bd5 37. Kd3 Be6 38. Nf3 Bc8 39. Ke3 Ba6 40. Kd2 Kd5
41. Ke3 Ke6 42. Nd2 Bb7 43. Kd3 Ba6+ 44. Ke3 Kf6 45. Kf2 Bb5 46. Ke3 Kg6 47.
Kf3 Kh5 48. g4+ fxg4+ 49. Kg3 Bd3 50. b4 axb3 51. Nxb3 g5 52. hxg5 hxg5 53.
fxg5 Kxg5 54. a4 Bc2 55. Nd2 d5 56. a5 Ba4 57. a6 Bc6 58. Nb3 d4 59. cxd4 c4
60. Nc1 c3 61. a7 c2 62. Nd3 Kf5 63. Nc1 Bd5 64. Ne2 Bf3 65. d5 Bxe2 66. a8=Q
c1=Q 67. Qf8+ Ke4 68. Qe7+ Kd3 69. Qh7+ Kd4 70. Qg7+ Kxd5 71. Qb7+ Qc6 72. Qb3+
Qc4 73. Qb7+ Kd4 74. Qa7+ Kd3 75. Qd7+ Kc2 76. Qh7+ Qd3+ 0-1

[Event "Pyramiden Cup 2015"]
[Site "Fuerth"]
[Date "2015.09.05"]
[Round "3.35"]
[White "Willim, Michael"]
[Black "Weber, Andreas"]
[Result "0-1"]
[WhiteElo "2100"]
[BlackElo "1776"]
[PlyCount "80"]
[EventDate "2015.??.??"]
[WhiteTeam "SC Erlangen"]
[BlackTeam "SC Flörsheim"]

1. d4 d5 2. c4 e6 3. Nc3 c5 4. cxd5 exd5 5. Nf3 Nc6 6. g3 Nf6 7. Bg2 Be7 8. O-O
O-O 9. Be3 c4 10. Ne5 Be6 11. Bf4 Nh5 12. Bc1 Nf6 13. Bg5 h6 14. Bxf6 Bxf6 15.
f4 Ne7 16. e4 Bxe5 17. dxe5 Qb6+ 18. Kh1 dxe4 19. Bxe4 Rad8 20. Qf3 Nf5 21. Rf2
Rd4 22. g4 Nh4 23. Qg3 g5 24. f5 Bc8 25. Raf1 Rxe4 26. Nxe4 Qc6 27. Re2 Rd8 28.
Kg1 Rd3 29. Re3 Qb6 30. Rfe1 Qxb2 31. Nf6+ Kg7 32. Qf2 Rd2 33. R3e2 c3 34. Ne4
Rxe2 35. Rxe2 Qb1+ 36. Qf1 c2 37. Re1 Nf3+ 38. Qxf3 Qxe1+ 39. Kg2 c1=Q 40. f6+
Kg8 0-1

[Event "Pyramiden Cup 2015"]
[Site "Fuerth"]
[Date "2015.09.05"]
[Round "3.36"]
[White "Roeckl, Adelbert"]
[Black "Eck, Mathias"]
[Result "1/2-1/2"]
[WhiteElo "1587"]
[BlackElo "2085"]
[PlyCount "27"]
[EventDate "2015.??.??"]
[WhiteTeam "Zabo-Eintracht Nbg"]
[BlackTeam "SFDarmstadt"]

1. d4 Nf6 2. Nc3 d5 3. Bg5 Bf5 4. Bxf6 gxf6 5. e3 e6 6. Bd3 Bg6 7. h4 h5 8.
Bxg6 fxg6 9. Qd3 Kf7 10. O-O-O Nc6 11. Kb1 Bb4 12. Nge2 Bxc3 13. Nxc3 Ne7 14.
e4 1/2-1/2

[Event "Pyramiden Cup 2015"]
[Site "Fuerth"]
[Date "2015.09.05"]
[Round "3.37"]
[White "Hirn, Thomas"]
[Black "Diller, Peter"]
[Result "0-1"]
[WhiteElo "1488"]
[BlackElo "2053"]
[PlyCount "40"]
[EventDate "2015.??.??"]
[WhiteTeam "TuS Fürstenfeldbruck"]
[BlackTeam "SK Rothenburg"]

1. e4 e6 2. d4 d5 3. Nc3 Bb4 4. e5 c5 5. Nf3 Ne7 6. Bd2 cxd4 7. Nxd4 Qb6 8. Nb3
Nbc6 9. a3 Bxc3 10. Bxc3 Ng6 11. Qg4 O-O 12. Qg3 d4 13. Bd2 Ngxe5 14. Bf4 f6
15. O-O-O Bd7 16. Bd3 Nxd3+ 17. Rxd3 e5 18. Bh6 Rf7 19. Rdd1 Bf5 20. f4 e4 0-1

[Event "Pyramiden Cup 2015"]
[Site "Fuerth"]
[Date "2015.09.05"]
[Round "3.38"]
[White "Brunsch, Michael"]
[Black "Nagel, Felix"]
[Result "1/2-1/2"]
[WhiteElo "2072"]
[BlackElo "1784"]
[PlyCount "100"]
[EventDate "2015.??.??"]
[WhiteTeam "SC Höchstadt/Aisch"]
[BlackTeam "SC And Nbg"]

1. Nf3 d5 2. g3 Nf6 3. Bg2 Bf5 4. O-O e6 5. d4 Bd6 6. c3 c6 7. Nbd2 Nbd7 8. Nh4
Bg4 9. Qe1 Qe7 10. e4 dxe4 11. Nxe4 Nxe4 12. Qxe4 Nf6 13. Qe3 O-O 14. Nf3 c5
15. Ne5 Bf5 16. Qg5 cxd4 17. cxd4 Rfd8 18. Be3 Rac8 19. Rac1 Be4 20. Bxe4 Nxe4
21. Qxe7 Bxe7 22. d5 exd5 23. Bxa7 f6 24. Nf3 Rc6 25. Be3 Rdc8 26. Nd4 Rxc1 27.
Rxc1 Rxc1+ 28. Bxc1 Bc5 29. Be3 Nd2 30. Bxd2 Bxd4 31. b3 Kf7 32. Kf1 f5 33. Ke2
Ke6 34. Be3 Bf6 35. Kd3 g6 36. f3 h5 37. Bd4 Be7 38. a4 Kd7 39. h3 Kc6 40. Kc3
b6 41. g4 Bc5 42. b4 Bd6 43. b5+ Kc7 44. Kd3 Bc5 45. Be5+ Kb7 46. gxh5 gxh5 47.
Ke2 Kc8 48. Bc3 Kb7 49. Kd3 Kc7 50. Kc2 Kd6 1/2-1/2

[Event "Pyramiden Cup 2015"]
[Site "Fuerth"]
[Date "2015.09.05"]
[Round "3.40"]
[White "Wieczorek, Heinz"]
[Black "Bildt, Thomas"]
[Result "0-1"]
[WhiteElo "1806"]
[BlackElo "2000"]
[PlyCount "76"]
[EventDate "2015.??.??"]
[WhiteTeam "SW Nbg Süd"]
[BlackTeam "SK Zirndorf"]

1. e4 e5 2. Nf3 Nc6 3. Bb5 a6 4. Bxc6 dxc6 5. O-O f6 6. d4 Bg4 7. dxe5 Qxd1 8.
Rxd1 fxe5 9. h3 Bxf3 10. gxf3 Bd6 11. Nd2 Ne7 12. Nc4 O-O-O 13. Bg5 Rhe8 14. f4
exf4 15. e5 Bc5 16. Rxd8+ Rxd8 17. c3 Re8 18. b4 Ba7 19. Bxf4 Nd5 20. Bd2 Rf8
21. Rf1 Rf3 22. Kg2 Rd3 23. e6 b5 24. Be3 bxc4 25. Bxa7 Nf4+ 26. Kg1 Nxe6 27.
Re1 Kd7 28. Re3 Nf4 29. Kf1 Nxh3 30. Rxd3+ cxd3 31. Be3 g5 32. Kg2 Nf4+ 33. Kf3
h5 34. Ke4 h4 35. Kf3 h3 36. Kg3 Ne2+ 37. Kxh3 Nxc3 38. Bxg5 Ne4 0-1

[Event "Pyramiden Cup 2015"]
[Site "Fuerth"]
[Date "2015.09.05"]
[Round "3.41"]
[White "Lange, Carsten"]
[Black "Siewert, Wolfgang"]
[Result "1/2-1/2"]
[WhiteElo "2055"]
[BlackElo "1759"]
[PlyCount "138"]
[EventDate "2015.??.??"]
[WhiteTeam "SK Zirndorf"]
[BlackTeam "vereinslos"]

1. Nf3 d5 2. c4 dxc4 3. Qa4+ Bd7 4. Qxc4 Nf6 5. Qc2 Bc6 6. Nc3 Nbd7 7. d4 e6 8.
e4 Nb6 9. Bd3 g6 10. O-O Bg7 11. h3 O-O 12. Bg5 h6 13. Be3 Nh7 14. Rad1 Be8 15.
Rfe1 Qe7 16. a3 Rc8 17. Qc1 h5 18. b4 c6 19. Qb1 Nd7 20. Na4 b5 21. Nc3 Nb6 22.
Rc1 Qb7 23. e5 Ra8 24. Ne4 a5 25. Nc5 Qe7 26. Bd2 a4 27. Rcd1 Nd5 28. Qc1 Bd7
29. Ne4 Nb6 30. Nfg5 f6 31. Nxh7 Kxh7 32. f4 f5 33. Ng5+ Kg8 34. Be3 Bh6 35.
Nf3 Nd5 36. Bb1 Nxe3 37. Qxe3 Kf7 38. g3 Rh8 39. Rf1 Rag8 40. h4 Rc8 41. Rc1
Rhe8 42. Rc3 Qd8 43. Rfc1 Qb6 44. Bd3 Qb7 45. Be2 Kg7 46. Ne1 Kf7 47. Nd3 Bf8
48. Bf3 Qb6 49. Rd1 Be7 50. Nc5 Bxc5 51. dxc5 Qc7 52. Rcd3 Red8 53. Qd2 Ke7 54.
Rd6 Be8 55. Qa2 Bd7 56. Qg2 Be8 57. Kf2 Kf7 58. Ke3 Rxd6 59. exd6 Qd7 60. Qb2
Qd8 61. Qe5 Bd7 62. Kd4 Qf6 63. Re1 Qxe5+ 64. fxe5 Rd8 65. Be2 Rb8 66. Rc1 Rc8
67. Ke3 Kg7 68. Rc3 Kh6 69. Kf4 Rb8 1/2-1/2

[Event "Pyramiden Cup 2015"]
[Site "Fuerth"]
[Date "2015.09.05"]
[Round "3.42"]
[White "Cipra, Lothar"]
[Black "Weissmann, Peter"]
[Result "1/2-1/2"]
[WhiteElo "2016"]
[BlackElo "1795"]
[PlyCount "30"]
[EventDate "2015.??.??"]
[WhiteTeam "SK Schwanstetten"]
[BlackTeam "SK Zirndorf"]

1. d4 Nf6 2. c4 e6 3. Nc3 Bb4 4. Qc2 d5 5. e3 Bxc3+ 6. bxc3 O-O 7. Nf3 b6 8.
cxd5 exd5 9. Bd3 Ba6 10. O-O Bxd3 11. Qxd3 Nbd7 12. c4 Re8 13. cxd5 Nxd5 14. e4
N5f6 15. Bg5 Nc5 1/2-1/2

[Event "Pyramiden Cup 2015"]
[Site "Fuerth"]
[Date "2015.09.05"]
[Round "3.43"]
[White "Wagner, Leopold Franziskus"]
[Black "Haesslein, Rainer"]
[Result "1-0"]
[WhiteElo "1945"]
[BlackElo "1609"]
[PlyCount "141"]
[EventDate "2015.??.??"]
[WhiteTeam "BSG Grün-Weiß Leipzig"]
[BlackTeam "Wolframs-Eschenbach"]

1. e4 e5 2. Nf3 Nc6 3. Bc4 Nd4 4. Nxd4 exd4 5. O-O d6 6. d3 h6 7. f4 Nf6 8. e5
dxe5 9. fxe5 Nd5 10. Kh1 Be6 11. Qf3 Qd7 12. c3 Bc5 13. Qe4 dxc3 14. bxc3 O-O-O
15. Bb3 g6 16. d4 Bf5 17. Qxd5 Qxd5 18. Bxd5 Rxd5 19. dxc5 Rhd8 20. Be3 Bd3 21.
Rg1 Rxe5 22. Bd4 Re2 23. a4 Rde8 24. Na3 Rd2 25. Rad1 Rxd1 26. Rxd1 Bf5 27. Nc4
Bc2 28. Ra1 Re2 29. Ne3 Bxa4 30. h3 Bc6 31. Rc1 Be4 32. Rd1 f5 33. Rg1 f4 34.
Ng4 f3 35. Nf2 fxg2+ 36. Kh2 Bc6 37. Nd3 g5 38. Ne1 g4 39. hxg4 a5 40. Nxg2 a4
41. Kg3 a3 42. Nf4 Rd2 43. Ra1 a2 44. Bg7 Bd5 45. c4 Bxc4 46. Bxh6 Rb2 47. Bg7
Rb1 48. g5 Kd7 49. g6 b5 50. cxb6 cxb6 51. Bd4 b5 52. Ng2 b4 53. Ne3 Bg8 54.
Nf1 b3 55. Nd2 b2 56. Rxb1 axb1=Q 57. Nxb1 Ke6 58. Bxb2 Kf5 59. g7 Ke4 60. Nd2+
Kd3 61. Nf3 Ke4 62. Nh4 Kd5 63. Kg4 Ke6 64. Kg5 Kf7 65. Nf5 Ke6 66. Nh6 Bh7 67.
Ng4 Kf7 68. Kh6 Bg8 69. Nf6 Ke7 70. Nxg8+ Kf7 71. Nf6 1-0

[Event "Pyramiden Cup 2015"]
[Site "Fuerth"]
[Date "2015.09.05"]
[Round "3.44"]
[White "Abicht, Ruediger"]
[Black "Reuter, Roland"]
[Result "1-0"]
[WhiteElo "1811"]
[BlackElo "2000"]
[PlyCount "89"]
[EventDate "2015.??.??"]
[WhiteTeam "ESV Lok Döbeln"]
[BlackTeam "SK Schwabach"]

1. b4 e5 2. Bb2 d5 3. Bxe5 Nc6 4. Bb2 Nxb4 5. a3 Nc6 6. e3 Nf6 7. Nf3 Bd6 8. c4
O-O 9. cxd5 Nxd5 10. Be2 Be6 11. O-O Qe7 12. d4 Bf5 13. Qb3 Nf6 14. Bd3 Bg4 15.
Nbd2 Rab8 16. Qc2 Qd7 17. Ne5 Bxe5 18. dxe5 Rfd8 19. exf6 Qxd3 20. Qxd3 Rxd3
21. Ne4 g6 22. h3 Be6 23. Rac1 Rb3 24. Rb1 Bf5 25. Nd2 Rb5 26. e4 Be6 27. Bc3
Rc5 28. Rfc1 b5 29. Bb4 Rxc1+ 30. Rxc1 Bd7 31. Nb3 Nxb4 32. axb4 Be6 33. Na5
Rc8 34. Nc6 Ra8 35. f4 Kf8 36. g4 Ke8 37. Na5 Rd8 38. Rxc7 Rd1+ 39. Kg2 Rb1 40.
Re7+ Kd8 41. Nc6+ Kc8 42. Nxa7+ Kd8 43. Nc6+ Kc8 44. Rxe6 fxe6 45. f7 1-0

[Event "Pyramiden Cup 2015"]
[Site "Fuerth"]
[Date "2015.09.05"]
[Round "3.45"]
[White "Schober, Ralf"]
[Black "Kornitzky, Tino"]
[Result "1-0"]
[WhiteElo "2019"]
[BlackElo "1717"]
[PlyCount "127"]
[EventDate "2015.??.??"]
[WhiteTeam "SV Sundern"]
[BlackTeam "SC Bamberg"]

1. d4 d5 2. Nf3 Nf6 3. e3 e6 4. Bd3 c5 5. b3 Nc6 6. O-O Be7 7. Bb2 Qb6 8. Nbd2
Bd7 9. Ne5 cxd4 10. Nxc6 Bxc6 11. exd4 O-O 12. Qf3 Qa5 13. Qe2 Bb4 14. Nb1 a6
15. f4 Bb5 16. c4 Bd7 17. c5 Qd8 18. a3 Ba5 19. b4 Bc7 20. Nc3 b6 21. Bxa6 bxc5
22. bxc5 Ba5 23. Bd3 Qb8 24. g3 Qb3 25. Bc2 Qb7 26. Rfb1 Qc7 27. Qd3 Bc8 28.
Nb5 Qc6 29. Bc3 Bxc3 30. Qxc3 Ba6 31. Nd6 Rfb8 32. Rb4 Nd7 33. Ba4 Qc7 34. Bxd7
Qxd7 35. Rab1 Rxb4 36. Qxb4 g6 37. a4 Bd3 38. Ra1 Qe7 39. Qb7 Qxb7 40. Nxb7 Rb8
41. c6 Rc8 42. Na5 Bc2 43. Kf2 Kf8 44. Ke2 Ke7 45. Ra2 Bf5 46. Rb2 Kd6 47. Kd2
Bh3 48. Rb7 Rc7 49. Kc3 Bf1 50. Kb4 Ba6 51. Rxc7 Kxc7 52. Kc5 Bd3 53. Nb7 Bc2
54. a5 Ba4 55. Nd6 f5 56. Nb5+ Bxb5 57. Kxb5 g5 58. a6 e5 59. a7 e4 60. a8=Q e3
61. Qe8 e2 62. Qe7+ Kc8 63. Kb6 e1=Q 64. Qc7# 1-0

[Event "Pyramiden Cup 2015"]
[Site "Fuerth"]
[Date "2015.09.05"]
[Round "3.46"]
[White "Hirn, Oskar"]
[Black "Suess, Stefan"]
[Result "1/2-1/2"]
[WhiteElo "2212"]
[BlackElo "2004"]
[PlyCount "96"]
[EventDate "2015.??.??"]
[WhiteTeam "SC NT Nürnberg"]
[BlackTeam "SC NT Nürnberg"]

1. d4 Nf6 2. c4 g6 3. Nc3 d5 4. Nf3 Bg7 5. Bf4 O-O 6. e3 c5 7. dxc5 Qa5 8. Be2
Ne4 9. O-O Nxc3 10. bxc3 dxc4 11. Bxc4 Qxc5 12. Qe2 Nc6 13. Rab1 a6 14. e4 b5
15. Bd5 e6 16. Be3 Qd6 17. Bxc6 Qxc6 18. Bd4 Bb7 19. Rfe1 Rac8 20. Rb3 Qc7 21.
Qe3 e5 22. Bb6 Qc6 23. Ba5 Rfe8 24. Nd2 Bf8 25. c4 bxc4 26. Nxc4 Qxc4 27. Rxb7
Qxa2 28. Bb6 Bb4 29. Rd1 Rc3 30. Qg5 Rd3 31. Rf1 Qe6 32. Be3 a5 33. Rb6 Rd6 34.
Rb5 f6 35. Qh4 Qd7 36. Rd5 Rxd5 37. exd5 Qd6 38. h3 a4 39. Rb1 Rb8 40. Qc4 a3
41. Ba7 Ra8 42. Rxb4 Rxa7 43. Ra4 Rxa4 44. Qxa4 Qc5 45. g3 Qxd5 46. Qxa3 Kg7
47. Qe7+ Qf7 48. Qd6 Qb7 1/2-1/2

[Event "Pyramiden Cup 2015"]
[Site "Fuerth"]
[Date "2015.09.05"]
[Round "3.47"]
[White "Naumann, Thomas"]
[Black "Leis, Stefan"]
[Result "1/2-1/2"]
[WhiteElo "1760"]
[BlackElo "1998"]
[PlyCount "60"]
[EventDate "2015.??.??"]
[WhiteTeam "ESV Lok Döbeln"]
[BlackTeam "SC Mühlh.-Reichelsdorf"]

1. d4 Nf6 2. c4 e6 3. Nc3 c5 4. e3 d5 5. Nf3 Nc6 6. Be2 cxd4 7. exd4 Bd6 8. O-O
h6 9. b3 O-O 10. Bb2 Ne4 11. cxd5 Nxc3 12. Bxc3 exd5 13. Qc2 Qf6 14. h3 Bf5 15.
Qd2 Rfe8 16. Rae1 Bd7 17. Bd1 Bf4 18. Qb2 a5 19. Rxe8+ Rxe8 20. Re1 Rxe1+ 21.
Nxe1 Bc7 22. Nf3 b5 23. Qe2 b4 24. Bb2 Na7 25. Ne5 Bb5 26. Qf3 Qe7 27. Qxd5 Bc6
28. Qc4 Bb5 29. Qd5 Bc6 30. Qc4 Bb5 1/2-1/2

[Event "Pyramiden Cup 2015"]
[Site "Fuerth"]
[Date "2015.09.05"]
[Round "3.48"]
[White "Herold, Hansjoerg"]
[Black "Spinnler, Wolfgang"]
[Result "1-0"]
[WhiteElo "2003"]
[BlackElo "1650"]
[PlyCount "93"]
[EventDate "2015.??.??"]
[WhiteTeam "SV Böckingen"]
[BlackTeam "SC Landskrone"]

1. e4 d5 2. exd5 Qxd5 3. d4 Nf6 4. Nf3 a6 5. Be2 e6 6. O-O Be7 7. Bf4 O-O 8.
Bxc7 Bd6 9. c4 Qc6 10. Ba5 b6 11. Bd2 Bb7 12. Nc3 Ng4 13. d5 exd5 14. cxd5 Qc7
15. g3 Nf6 16. Bg5 Nbd7 17. Rc1 Qd8 18. Ne4 Qe7 19. Nxf6+ Nxf6 20. Re1 Qd8 21.
Qd4 Bc5 22. Bxf6 Qxf6 23. Qxf6 gxf6 24. Bc4 Rad8 25. Rcd1 Rd7 26. Re2 Rfd8 27.
Red2 b5 28. Bb3 Kf8 29. Nh4 Bd6 30. Nf5 Be5 31. f4 Bd6 32. Kg2 Rc7 33. a3 Bc8
34. Nxd6 Rxd6 35. Rc2 Rxc2+ 36. Bxc2 h6 37. Kf3 f5 38. Ke3 Ke8 39. Kd4 Rf6 40.
Kc5 Kd7 41. Re1 Kd8 42. Re5 Rg6 43. Bxf5 Bxf5 44. Rxf5 Ke7 45. d6+ Rxd6 46.
Rxf7+ Ke6 47. Rf6+ 1-0

[Event "Pyramiden Cup 2015"]
[Site "Fuerth"]
[Date "2015.09.05"]
[Round "3.49"]
[White "Navratil, Robert"]
[Black "Kroneder, Christian"]
[Result "1/2-1/2"]
[WhiteElo "2121"]
[BlackElo "2045"]
[PlyCount "24"]
[EventDate "2015.??.??"]
[WhiteTeam "ASK Salzburg"]
[BlackTeam "SK Schwanstetten"]

1. e4 c5 2. Nf3 d6 3. d4 cxd4 4. Nxd4 Nf6 5. Nc3 a6 6. Bd3 e5 7. Nde2 Be7 8.
O-O O-O 9. Ng3 Be6 10. f4 exf4 11. Bxf4 Nc6 12. Nd5 Bxd5 1/2-1/2

[Event "Pyramiden Cup 2015"]
[Site "Fuerth"]
[Date "2015.09.05"]
[Round "3.50"]
[White "Schroeder, Stefan"]
[Black "Birkmann, Guenther"]
[Result "1/2-1/2"]
[WhiteElo "1791"]
[BlackElo "2054"]
[PlyCount "39"]
[EventDate "2015.??.??"]
[WhiteTeam "SG Airb. Heli."]
[BlackTeam "SK Zirndorf"]

1. d4 g6 2. Nf3 Bg7 3. Bf4 d6 4. c3 Nd7 5. Qb3 Ngf6 6. Nbd2 d5 7. e3 c6 8. Bd3
Nh5 9. Bg5 h6 10. Bh4 g5 11. Bg3 Nxg3 12. hxg3 Qb6 13. e4 Qxb3 14. axb3 dxe4
15. Nxe4 b6 16. Kd1 Bb7 17. Re1 O-O 18. Rh1 a5 19. Nexg5 c5 20. Be4 1/2-1/2

[Event "Pyramiden Cup 2015"]
[Site "Fuerth"]
[Date "2015.09.05"]
[Round "3.51"]
[White "Li, Simon"]
[Black "Meyer, Thomas"]
[Result "1-0"]
[WhiteElo "2013"]
[BlackElo "1755"]
[PlyCount "71"]
[EventDate "2015.??.??"]
[WhiteTeam "SK Schweinfurt"]
[BlackTeam "Bergstedter SK"]

1. e4 e5 2. Nf3 Nf6 3. Nxe5 d6 4. Nf3 Nxe4 5. Nc3 Nxc3 6. dxc3 Be7 7. Be3 Nd7
8. Qd2 O-O 9. O-O-O Nc5 10. h4 Be6 11. Ng5 Qc8 12. Kb1 a5 13. Re1 Rd8 14. Be2
c6 15. Bf3 a4 16. Qe2 h6 17. Bxc5 hxg5 18. Bb6 Re8 19. hxg5 Bxg5 20. Qd3 Qd7
21. Qh7+ Kf8 22. Bg4 Bf6 23. Bxe6 fxe6 24. Rh6 Qf7 25. Rh3 c5 26. Qe4 Qd7 27.
g4 Qc6 28. Qg6 Kg8 29. g5 Be5 30. f4 Bxc3 31. Rxc3 Qxb6 32. Rh3 d5 33. Rh8+
Kxh8 34. Qf7 e5 35. Rh1+ Qh6 36. gxh6 1-0

[Event "Pyramiden Cup 2015"]
[Site "Fuerth"]
[Date "2015.09.05"]
[Round "3.52"]
[White "Herlan, Klaus-Juergen"]
[Black "Dreiseitel, Ursula"]
[Result "1-0"]
[WhiteElo "1961"]
[BlackElo "1476"]
[PlyCount "53"]
[EventDate "2015.??.??"]
[WhiteTeam "SK Marmstorf"]
[BlackTeam "SGem Fürth"]

1. d4 Nf6 2. Nf3 g6 3. c4 Bg7 4. Nc3 O-O 5. h3 d6 6. Bf4 Nh5 7. Bh2 Nc6 8. e3
e5 9. Be2 f5 10. O-O f4 11. dxe5 fxe3 12. Qd5+ Kh8 13. fxe3 dxe5 14. Qxd8 Rxd8
15. Ng5 Kg8 16. Bxh5 gxh5 17. Nd5 Bd7 18. Nxc7 Rac8 19. Nd5 Rf8 20. b4 Rce8 21.
Ne4 Rb8 22. Ndf6+ Bxf6 23. Nxf6+ Rxf6 24. Rxf6 Be8 25. Raf1 Bg6 26. Rd6 e4 27.
Rxc6 1-0

[Event "Pyramiden Cup 2015"]
[Site "Fuerth"]
[Date "2015.09.05"]
[Round "3.53"]
[White "Meyer, Nico"]
[Black "Suess, Helmut"]
[Result "1/2-1/2"]
[WhiteElo "1437"]
[BlackElo "1959"]
[PlyCount "30"]
[EventDate "2015.??.??"]
[WhiteTeam "SC Bechhofen"]
[BlackTeam "SC NT Nürnberg"]

1. e4 d5 2. exd5 Qxd5 3. Nc3 Qd8 4. Nf3 Bg4 5. h3 Bxf3 6. Qxf3 c6 7. Bc4 e6 8.
O-O Nf6 9. d3 Be7 10. Re1 O-O 11. a3 Nbd7 12. Qg3 Nh5 13. Qg4 Nhf6 14. Qg3 Nh5
15. Qg4 Nhf6 1/2-1/2

[Event "Pyramiden Cup 2015"]
[Site "Fuerth"]
[Date "2015.09.05"]
[Round "3.54"]
[White "Boese, Christina"]
[Black "Roettinger, Eugen"]
[Result "0-1"]
[WhiteElo "1499"]
[BlackElo "2147"]
[PlyCount "108"]
[EventDate "2015.??.??"]
[WhiteTeam "SC Bechhofen"]
[BlackTeam "SR Spaichingen"]

1. e4 g6 2. Nf3 Bg7 3. d4 d6 4. c3 Nf6 5. Bd3 O-O 6. O-O Nbd7 7. Bg5 c5 8. Qd2
Qc7 9. Bh6 Re8 10. Bxg7 Kxg7 11. Na3 a6 12. Rfe1 e6 13. e5 Ng8 14. Nc4 dxe5 15.
dxe5 Rd8 16. Qf4 Nb6 17. Rad1 Nxc4 18. Bxc4 b5 19. Bd3 Rd7 20. Ng5 Bb7 21. Be4
h6 22. Nf3 Rad8 23. Rd2 Bxe4 24. Rxd7 Qxd7 25. Qxe4 Qd5 26. Qxd5 Rxd5 27. Kf1
g5 28. Re2 Kg6 29. g4 h5 30. h3 Rd1+ 31. Re1 Rxe1+ 32. Kxe1 hxg4 33. hxg4 f5
34. Nd2 Ne7 35. f3 Nc6 36. Nb3 Nxe5 37. Nxc5 Nxf3+ 38. Kf2 Ne5 39. Nxe6 Nxg4+
40. Kf3 Ne5+ 41. Kg2 Nd3 42. b4 Nc1 43. a3 Ne2 44. Nc7 Nxc3 45. Nxa6 Kf6 46.
Nc7 Ke5 47. Nxb5 Nxb5 48. a4 Nc7 49. b5 Nxb5 50. axb5 Kd5 51. b6 Kc6 52. b7
Kxb7 53. Kf3 Kc6 54. Ke3 Kd5 0-1

[Event "Pyramiden Cup 2015"]
[Site "Fuerth"]
[Date "2015.09.05"]
[Round "3.55"]
[White "Braun, Kristin"]
[Black "Gradl, Winfried"]
[Result "0-1"]
[WhiteElo "1735"]
[BlackElo "1993"]
[PlyCount "108"]
[EventDate "2015.??.??"]
[WhiteTeam "SC Forchheim"]
[BlackTeam "TuS Fürstenfeldbruck"]

1. d4 d5 2. Nf3 Nf6 3. e3 c5 4. b3 Nc6 5. Bb2 e6 6. Nbd2 Bd6 7. Ne5 O-O 8. Bd3
cxd4 9. exd4 Qc7 10. Nxc6 bxc6 11. Nf3 Qa5+ 12. c3 Ba6 13. O-O Bxd3 14. Qxd3
Qb5 15. Qxb5 cxb5 16. Ne5 Rfc8 17. Rac1 Rc7 18. Rc2 Rac8 19. Rfc1 Bxe5 20. dxe5
Nd7 21. Ba3 Nxe5 22. Bd6 Nd3 23. Bxc7 Nxc1 24. Rxc1 Rxc7 25. f4 Kf8 26. Kf2 Ke7
27. Ke3 Kd6 28. Kd4 f6 29. Re1 a5 30. Re3 a4 31. Re2 axb3 32. axb3 Ra7 33. g3
Ra3 34. Rb2 e5+ 35. fxe5+ fxe5+ 36. Kd3 Kc5 37. b4+ Kd6 38. Rf2 d4 39. Rf7
Rxc3+ 40. Kd2 Rc7 41. Rf8 Kd5 42. Rb8 Kc4 43. Re8 Kxb4 44. Rxe5 Kc4 45. Re8 b4
46. Rb8 b3 47. h3 Rc5 48. g4 Rb5 49. Rc8+ Kd5 50. Rd8+ Ke4 51. Re8+ Kf3 52.
Rf8+ Kg3 53. Rf1 b2 54. Kc2 b1=Q+ 0-1

[Event "Pyramiden Cup 2015"]
[Site "Fuerth"]
[Date "2015.09.05"]
[Round "3.56"]
[White "Adler, Herbert"]
[Black "Walch, Roger"]
[Result "1-0"]
[WhiteElo "2001"]
[BlackElo "1733"]
[PlyCount "99"]
[EventDate "2015.??.??"]
[WhiteTeam "SG Büchenbach/Roth"]
[BlackTeam "SW Nürnberg Süd"]

1. d4 Nf6 2. g3 c5 3. e3 g6 4. Bg2 Bg7 5. Nf3 cxd4 6. Nxd4 O-O 7. O-O Nc6 8.
Nc3 a6 9. Re1 e5 10. Nb3 d6 11. Nd5 Nxd5 12. Bxd5 Ne7 13. Bg2 Rb8 14. e4 h6 15.
Be3 Be6 16. Qd2 Kh7 17. Rad1 Nc8 18. Qb4 Qe7 19. Na5 Qc7 20. Bf1 Rd8 21. Nb3
Bf8 22. Qa5 Rd7 23. f3 Qc6 24. Rd3 b5 25. Qd2 Nb6 26. Na5 Qc7 27. Rc3 Qd8 28.
Nc6 Qe8 29. Nxb8 Qxb8 30. b3 d5 31. Rd3 d4 32. Bf2 Qb7 33. c3 Bc5 34. cxd4 exd4
35. Bxd4 Rxd4 36. Rxd4 Nd7 37. Kg2 Ne5 38. Rc1 Qb6 39. f4 Bh3+ 40. Kxh3 Nf3 41.
Qc3 Qe6+ 42. f5 gxf5 43. Qxc5 fxe4+ 44. g4 Ng5+ 45. Kg3 Kg7 46. Qf5 Qb6 47.
Qe5+ f6 48. Qc7+ Qxc7+ 49. Rxc7+ Kg6 50. Rd8 1-0

[Event "Pyramiden Cup 2015"]
[Site "Fuerth"]
[Date "2015.09.05"]
[Round "3.57"]
[White "Dreiseitel, Werner"]
[Black "Mix, Thomas"]
[Result "0-1"]
[WhiteElo "1568"]
[BlackElo "1949"]
[PlyCount "96"]
[EventDate "2015.??.??"]
[WhiteTeam "SGem Fürth"]
[BlackTeam "SF Brannenburg"]

1. d4 c5 2. d5 d6 3. c4 g6 4. Bd2 Bg7 5. Bc3 Nf6 6. Nd2 O-O 7. e4 e6 8. Qc2 Re8
9. Be2 exd5 10. cxd5 a6 11. a4 b6 12. h3 Qe7 13. Bf3 Nxd5 14. Bxg7 Kxg7 15. Ne2
Nb4 16. Qb1 N8c6 17. O-O Ne5 18. Nc3 Bb7 19. Nd5 Nxf3+ 20. Nxf3 Nxd5 21. exd5
Bxd5 22. Qd3 Bxf3 23. Qxf3 Qe4 24. Qb3 Qc6 25. Rad1 Rad8 26. Rd2 d5 27. Rfd1 d4
28. Qc4 b5 29. axb5 axb5 30. Qc2 Qd5 31. Qd3 Qc6 32. Qc2 Qb6 33. b3 Re6 34. Qb2
Red6 35. Ra1 c4 36. bxc4 bxc4 37. Qc2 Rc8 38. Qe4 Qc5 39. Qb7 Qc6 40. Qb4 Qc5
41. Qb7 Rc7 42. Qe4 Qd5 43. Qe8 Rd8 44. Qa4 d3 45. Qb4 c3 46. Ra5 Qd4 47. Qxd4+
Rxd4 48. Rda2 d2 0-1

[Event "Pyramiden Cup 2015"]
[Site "Fuerth"]
[Date "2015.09.05"]
[Round "3.58"]
[White "Shen, Julian"]
[Black "Heinrich, Leon"]
[Result "1-0"]
[WhiteElo "1815"]
[BlackElo "1612"]
[PlyCount "51"]
[EventDate "2015.??.??"]
[WhiteTeam "SK Rothenburg"]
[BlackTeam "SW Nürnberg Süd"]

1. e4 c5 2. Nf3 d6 3. d4 cxd4 4. Nxd4 Nf6 5. Nc3 Nc6 6. Bc4 e5 7. Nb3 Be7 8.
Bg5 a6 9. a4 O-O 10. Qd2 Qd7 11. O-O-O Rd8 12. Bxf6 Bxf6 13. Nd5 Qe8 14. Nxf6+
gxf6 15. Qh6 Be6 16. Rd3 Ne7 17. Bxe6 fxe6 18. Qxf6 Ng6 19. Rhd1 Qxa4 20. Qxe6+
Kh8 21. f3 Rac8 22. Rxd6 Re8 23. Qf6+ Kg8 24. Rd7 Re7 25. Rxe7 Nxe7 26. Qxe7
1-0